NBA Sportsmanship Award Winners - Statistics

General Stats
  • This quiz has been taken 9 times
  • The average score is 6 of 30
Answer Stats
Season Winner % Correct
1997/98 Avery Johnson
56%
2013/14 Mike Conley
56%
2015/16 Mike Conley
56%
2018/19 Mike Conley
56%
2022/23 Mike Conley
56%
2010/11 Stephen Curry
44%
2020/21 Jrue Holiday
33%
2024/25 Jrue Holiday
33%
2014/15 Kyle Korver
33%
2008/09 Chauncey Billups
22%
2000/01 David Robinson
22%
2011/12 Jason Kidd
22%
2012/13 Jason Kidd
22%
2019/20 Vince Carter
22%
2004/05 Grant Hill
11%
2007/08 Grant Hill
11%
2009/10 Grant Hill
11%
1995/96 Joe Dumars
11%
2002/03 Ray Allen
11%
2001/02 Steve Smith
11%
2023/24 Tyrese Maxey
11%
2005/06 Elton Brand
0%
1999/00 Eric Snow
0%
1998/99 Hersey Hawkins
0%
2016/17 Kemba Walker
0%
2017/18 Kemba Walker
0%
2006/07 Luol Deng
0%
2021/22 Patty Mills
0%
2003/04 P.J. Brown
0%
1996/97 Terrell Brandon
0%
No matching quizzes found
Score Distribution
Percent of People with Each Score
Percentile by Number Answered
Your Score History
You have not taken this quiz